[Event "Vrbas"]
[Site "Vrbas"]
[Date "1980.??.??"]
[Round "?"]
[White "Gligoric, Svetozar"]
[Black "Petrosian, Tigran V"]
[Result "1/2-1/2"]
[WhiteElo "2565"]
[BlackElo "2615"]

1.d4 d5 2.c4 dxc4 3.Nf3 Nf6 4.e3 e6 5.Bxc4 c5 6.O-O a6 7.a4 Nc6 8.Qe2 cxd4
9.Rd1 Be7 10.exd4 O-O 11.Nc3 Nd5 12.Qe4 Nf6 13.Qe2 Nd5 14.Qe4 Nf6 15.Qe2  1/2-1/2

[Event "Vrbas"]
[Site "Vrbas"]
[Date "1980.??.??"]
[Round "?"]
[White "Gligoric, Svetozar"]
[Black "Bukic, Enver"]
[Result "1-0"]
[WhiteElo "2565"]
[BlackElo "2500"]

1.d4 Nf6 2.c4 e6 3.Nc3 Bb4 4.e3 b6 5.Bd3 Bb7 6.Nf3 Ne4 7.O-O f5 8.d5 Bxc3
9.bxc3 Na6 10.Nd4 Nac5 11.Bxe4 fxe4 12.Ba3 O-O 13.Rb1 Rb8 14.Bxc5 bxc5 15.Ne2 Ba6
16.Rxb8 Qxb8 17.Qa4 Qb6 18.Nf4 e5 19.Nh5 Bc8 20.Ng3 d6 21.Nxe4 Qa6 22.Qb3 Bf5
23.Nd2 Bd3 24.Ra1 e4 25.a4 Qc8 26.Ra2 Qf5 27.Nf1 h5 28.h3 Kh7 29.Rb2 a6 30.Ng3 Qe5
31.Ne2 Bxe2 32.Rxe2 h4 33.Rb2 Rf5 34.Qc2 g6 35.Rb7 Rf7 36.Ra7 Kg7 37.Rxa6 g5
38.Ra8 Qf5 39.Qe2 Qf6 40.Qc2 Qf5 41.Re8 g4 42.hxg4 Qxg4 43.Rxe4  1-0

[Event "Vrbas"]
[Site "Vrbas"]
[Date "1980.??.??"]
[Round "?"]
[White "Ivanovic, Bozidar"]
[Black "Jussupow, Artur"]
[Result "1/2-1/2"]
[WhiteElo "2440"]
[BlackElo "2485"]

1.e4 e5 2.Nf3 Nf6 3.Nxe5 d6 4.Nf3 Nxe4 5.Nc3 Nxc3 6.dxc3 Be7 7.Bf4 O-O 8.Qd2 Nd7
9.O-O-O Nc5 10.Nd4 Re8 11.f3 Ne6 12.Be3 Bg5 13.Bxg5 Qxg5 14.Qxg5 Nxg5 15.Nb5 Ne6
16.Re1 Bd7 17.Rxe6 Bxb5 18.Rxe8+ Bxe8 19.Bd3 Bc6 20.Re1 Kf8 21.Kd2 h6 22.Be4 d5
23.Bd3 Re8 24.Rxe8+ Bxe8 25.c4 dxc4 26.Bxc4 Ke7  1/2-1/2

[Event "Vrbas"]
[Site "Vrbas"]
[Date "1980.??.??"]
[Round "?"]
[White "Bukic, Enver"]
[Black "Petrosian, Tigran V"]
[Result "1/2-1/2"]
[WhiteElo "2500"]
[BlackElo "2615"]

1.d4 Nf6 2.c4 e6 3.Nf3 b6 4.g3 Ba6 5.b3 d5 6.Bg2 Bb4+ 7.Bd2 Be7 8.Ne5 c6
9.Bc3 Nfd7 10.Nxd7 Nxd7 11.Nd2 f5 12.O-O O-O 13.a4 Rc8 14.Re1 Nf6 15.a5 b5
16.c5 Kh8 17.b4 Qc7 18.Ra3 Rce8 19.Bb2 Nd7 20.Nf3 g5 21.Ne5 Bf6 22.Qa1 Bc8
23.f3 Nxe5  1/2-1/2

[Event "Vrbas"]
[Site "Vrbas"]
[Date "1980.??.??"]
[Round "?"]
[White "Bukic, Enver"]
[Black "Popovic, Petar"]
[Result "1-0"]
[WhiteElo "2500"]
[BlackElo "2490"]

1.Nf3 Nf6 2.c4 g6 3.Nc3 d5 4.cxd5 Nxd5 5.Qa4+ Bd7 6.Qb3 Nb6 7.d4 Be6 8.Qb5+ N8d7
9.e4 c6 10.Qa5 Bg7 11.h3 O-O 12.Be2 Bc4 13.O-O Bxe2 14.Nxe2 Nc8 15.Qa4 e5
16.Be3 Re8 17.Qc2 exd4 18.Bxd4 Bxd4 19.Nexd4 Nd6 20.Rfe1 Qf6 21.Rad1 Rad8
22.Rd2 Re7 23.Nb3 Qf4 24.Nc5 Nxc5 25.Qxc5 Red7 26.Qe5 Qh6 27.Red1 Re8 28.Qg5 Qxg5
29.Nxg5 f6 30.Nf3 Re6 31.e5  1-0

[Event "Vrbas"]
[Site "Vrbas"]
[Date "1980.??.??"]
[Round "?"]
[White "Petrosian, Tigran V"]
[Black "Ivanovic, Bozidar"]
[Result "1/2-1/2"]
[WhiteElo "2615"]
[BlackElo "2440"]

1.c4 e6 2.g3 Nf6 3.Bg2 d5 4.Nf3 Be7 5.O-O O-O 6.d4 dxc4 7.Qc2 a6 8.a4 Bd7
9.Qxc4 Bc6 10.Bf4 Nbd7 11.Nc3 Nb6 12.Qb3 a5 13.Rfd1 Ra6 14.Qc2 Nbd5 15.Bd2 Nxc3
16.bxc3 Be4 17.Qa2 c5 18.Bg5 Nd5 19.Bxe7 Qxe7 20.Qa3 Rc8 21.Ne5 Bxg2 22.Kxg2 cxd4
23.Qxe7 Nxe7 24.cxd4 f6 25.Nd3 Rd6 26.e3 Kf7 27.Kf3 b6 28.Rdc1 Rdc6 29.Ke2 Nd5
30.Kd2 Ke7 31.e4 Rxc1 32.Rxc1 Rxc1 33.Nxc1 Nc7 34.Nb3 b5 35.axb5 Nxb5 36.Nxa5 Nxd4
37.Ke3 e5 38.f4  1/2-1/2

[Event "Vrbas"]
[Site "Vrbas"]
[Date "1980.??.??"]
[Round "?"]
[White "Petrosian, Tigran V"]
[Black "Ivkov, Borislav"]
[Result "1/2-1/2"]
[WhiteElo "2615"]
[BlackElo "2530"]

1.c4 Nf6 2.Nc3 e6 3.Nf3 d5 4.d4 Be7 5.Bg5 h6 6.Bxf6 Bxf6 7.e3 O-O 8.Qd2 b6
9.cxd5 exd5 10.Rd1 Bb7 11.g3 Qe7 12.Bg2 Rd8 13.Ng1 Na6 14.Nge2 c5 15.O-O Nc7
16.Rfe1 c4 17.b3 b5 18.bxc4 bxc4 19.Rb1 Bc6 20.Qb2 Qf8 21.Qc2 Rab8 22.h4 Qd6
23.Nf4 Rb6 24.Rxb6 axb6 25.a4 g5 26.hxg5 Bxg5 27.Nfe2 Qg6 28.Qb1 Rb8 29.Bf3 Qxb1
30.Rxb1 Kf8 31.Bg2 Ke7 32.f4 Bf6 33.Kf2 Kd6 34.Bf3 Bg7 35.g4 Bf8 36.Ng3 Ke6
37.f5+ Kd7 38.Nge2 Kd6 39.Nc1 Be7 40.N1a2 Kd7 41.Nb4 Bxb4 42.Rxb4 Kd6 43.e4 dxe4
44.Nxe4+ Bxe4 45.Bxe4 c3 46.Ke3 b5 47.Kd3 Rc8 48.Bb7  1/2-1/2

[Event "Vrbas"]
[Site "Vrbas"]
[Date "1980.??.??"]
[Round "?"]
[White "Petrosian, Tigran V"]
[Black "Sax, Gyula"]
[Result "1/2-1/2"]
[WhiteElo "2615"]
[BlackElo "2570"]

1.Nf3 Nf6 2.c4 g6 3.g3 Bg7 4.Bg2 O-O 5.Nc3 d6 6.d3 e5 7.O-O Nc6 8.Rb1 a5
9.a3 Nd4 10.Ne1 c6 11.b3 Be6 12.e3 Nf5 13.Nf3 h6 14.e4 Ne7 15.d4 Qc7 16.h3 a4
17.Re1 axb3 18.Qxb3 exd4 19.Nxd4 Bc8 20.Rd1 Nd7 21.Qc2  1/2-1/2

[Event "Vrbas"]
[Site "Vrbas"]
[Date "1980.??.??"]
[Round "?"]
[White "Popovic, Petar"]
[Black "Sax, Gyula"]
[Result "0-1"]
[WhiteElo "2490"]
[BlackElo "2570"]

1.e4 c5 2.Nf3 d6 3.d4 cxd4 4.Nxd4 Nf6 5.Nc3 g6 6.Be2 Bg7 7.O-O Nc6 8.Be3 O-O
9.Qd2 Ng4 10.Bxg4 Bxg4 11.f4 Nxd4 12.Bxd4 e5 13.Be3 exf4 14.Rxf4 Be6 15.Rf2 Rc8
16.a4 Rc4 17.a5 Rb4 18.Bxa7 Rxb2 19.Bb6 Qc8 20.Nd5 Bxd5 21.Qxd5 Rxb6 22.Rb1  0-1

[Event "Vrbas"]
[Site "Vrbas"]
[Date "1980.??.??"]
[Round "?"]
[White "Sax, Gyula"]
[Black "Bukic, Enver"]
[Result "1/2-1/2"]
[WhiteElo "2570"]
[BlackElo "2500"]

1.e4 c5 2.Nf3 d6 3.d4 cxd4 4.Nxd4 Nf6 5.Nc3 a6 6.f4 e5 7.Nf3 Qc7 8.a4 Be7
9.Bd3 O-O 10.O-O Nbd7 11.Nh4 Bd8 12.Nf5 g6 13.Nh6+ Kg7 14.f5 b6 15.g4 Bb7
16.g5 Nh5 17.f6+ Kh8 18.Be2 Nf4 19.Bxf4 exf4 20.Nd5 Qc5+ 21.Kg2 Ne5 22.b4 Qc6
23.Rxf4 Rc8 24.c3 Qe8 25.Qd4 Nc6 26.Qf2 Ne5 27.Rh4 Bxd5 28.exd5 Nd7 29.Ng4 h5
30.Bf3 Ne5 31.Re1 Nxf3 32.Kxf3 Rxc3+ 33.Kg2 Qxa4 34.Ne3 Qd7 35.Qf3 Kg8 36.Rxh5 gxh5
37.Qxh5 Rxe3 38.Rxe3 Qf5 39.Rh3 Qxd5+ 40.Kg1 Qd4+ 41.Kg2 Qd5+ 42.Kg1 Qd4+
43.Kg2  1/2-1/2

[Event "Vrbas"]
[Site "Vrbas"]
[Date "1980.??.??"]
[Round "?"]
[White "Sax, Gyula"]
[Black "Gligoric, Svetozar"]
[Result "1-0"]
[WhiteElo "2570"]
[BlackElo "2565"]

1.e4 e5 2.Nf3 Nc6 3.Bc4 Nf6 4.d3 Be7 5.c3 O-O 6.O-O a6 7.Bb3 d6 8.Nbd2 Na5
9.Bc2 c5 10.Re1 Re8 11.Nf1 Nc6 12.Ng3 Bf8 13.h3 g6 14.Be3 Bg7 15.Qd2 Qe7
16.d4 Bd7 17.Rad1 cxd4 18.cxd4 Rac8 19.d5 Nd8 20.Bd3 h5 21.Rc1 Rxc1 22.Rxc1 Nh7
23.Rc7 Nf8 24.Qb4 h4 25.Nf1 f5 26.exf5 e4 27.Bg5 Bf6 28.Bxf6 Qxf6 29.Bxe4 a5
30.Qc4 b5 31.Qc2 gxf5 32.Bd3 Nf7 33.Qd2 b4 34.Ra7 Ne5 35.Nxe5 dxe5 36.Rxa5 e4
37.Bc4 f4 38.d6+ Kh8 39.Qd5 Nh7 40.Ra7 Qg7 41.Rxd7  1-0

[Event "Vrbas"]
[Site "Vrbas"]
[Date "1980.??.??"]
[Round "?"]
[White "Sax, Gyula"]
[Black "Kurajica, Bojan"]
[Result "1/2-1/2"]
[WhiteElo "2570"]
[BlackElo "2505"]

1.e4 e5 2.Nf3 Nf6 3.Nxe5 d6 4.Nf3 Nxe4 5.d4 d5 6.Bd3 Be7 7.O-O Nc6 8.Re1 Bg4
9.c4 Nf6 10.cxd5 Nxd5 11.Nc3 O-O 12.Be4 Be6 13.a3 Qd7 14.Bg5 f6 15.Bh4 g6
16.Bg3 Rac8 17.Qe2 Bf7 18.Qb5 Rfd8 19.Nxd5 Bxd5 20.Bxd5+ Qxd5 21.Qxb7 Rb8
22.Qxc7 Rd7 23.Qf4 Rxb2 24.Rac1 Kg7 25.Rc3 Rbb7 26.h4 Bd6 27.Qe4 Qxe4 28.Rxe4 Bxg3
29.Rxc6 Rb1+ 30.Re1 Rxe1+ 31.Nxe1 Bxh4 32.Nf3 Bg5 33.g3  1/2-1/2

[Event "Vrbas"]
[Site "Vrbas"]
[Date "1980.??.??"]
[Round "?"]
[White "Ivkov, Borislav"]
[Black "Bukic, Enver"]
[Result "1/2-1/2"]
[WhiteElo "2530"]
[BlackElo "2500"]

1.d4 Nf6 2.c4 e6 3.Nf3 b6 4.a3 c5 5.e3 g6 6.Nc3 Bg7 7.Be2 O-O 8.O-O Bb7 9.d5 exd5
10.cxd5 Re8 11.Re1 d6 12.Rb1 Nbd7 13.Bf1 a6 14.a4 Qc7 15.b3 Ne4 16.Nxe4 Rxe4
17.Bc4 Rae8 18.Qd3 Qc8  1/2-1/2

[Event "Vrbas"]
[Site "Vrbas"]
[Date "1980.??.??"]
[Round "?"]
[White "Jussupow, Artur"]
[Black "Petrosian, Tigran V"]
[Result "1/2-1/2"]
[WhiteElo "2485"]
[BlackElo "2615"]

1.c4 Nf6 2.Nc3 e5 3.Nf3 Nc6 4.g3 Bb4 5.Nd5 Bc5 6.Bg2 O-O 7.O-O d6 8.d3 Nxd5
9.cxd5 Nd4 10.Bd2 a5 11.Nxd4 exd4 12.e4 dxe3 13.fxe3 Qg5 14.d4 Bb6 15.Rf4 Bd7
16.Qb3 Bf5 17.Raf1 Bg6 18.Qc4 Qe7 19.h4 h6 20.Kh2 Rae8 21.Qe2 Qd8 22.Bc3 f6
23.e4 Bh7 24.Qh5 Qe7 25.Bh3 Kh8 26.e5 dxe5 27.dxe5 fxe5 28.Rf7 Rxf7 29.Rxf7 Qc5
30.Rf1 Qe7 31.Rf7 Qc5 32.Rf1 Qe7 33.Bxe5 Bc5 34.Be6 Rf8 35.Bg8 Rd8 36.Qf7 Qxf7
37.Bxf7 Bd6 38.Bc3 b6 39.Kg2 Bb1 40.a3 Ba2 41.Bd4  1/2-1/2